Τα 7 Θαύματα του Αρχαίου Κόσμου - Statistics

General Stats
  • This quiz has been taken 48 times
  • The average score is 5 of 7
Answer Stats
Θαύμα % Correct
Μεγάλη {Πυραμίδα} της Γκίζας
98%
Άγαλμα του {Δία} στην Ολυμπία
83%
{Κολοσσός} της Ρόδου
83%
{Φάρος} της Αλεξάνδρειας
75%
{Κρεμαστοί} {Κήποι} της Βαβυλώνας
73%
Ναός της {Αρτέμιδος} στην Έφεσο
68%
{Μαυσωλείο} της Αλικαρνασσού
35%
No matching quizzes found
Score Distribution
Percent of People with Each Score
Percentile by Number Answered
Your Score History
You have not taken this quiz